[Event "FRA-chT2 1011"]
[Site "France"]
[Date "2010.11.14"]
[Round "3.2"]
[White "Magnier, Hugues"]
[Black "Kornman, Serge"]
[Result "1-0"]
[WhiteElo "2300"]
[BlackElo "2126"]
[PlyCount "81"]
[EventDate "2010.10.17"]
[EventType "team-tourn"]
[EventRounds "11"]
[EventCountry "FRA"]
[SourceTitle "EXT 2012"]
[Source "ChessBase"]
[SourceDate "2011.11.24"]
[SourceVersion "1"]
[SourceVersionDate "2011.11.24"]
[SourceQuality "1"]

1. d4 e6 2. Nf3 f5 3. g3 Nf6 4. Bg2 d5 5. 0-0 Bd6 6. c4 c6 7. b3 Qe7 8. a4 a5 9. Ba3 b6 10. Ne5 Bb7 11. Qc2 0-0 12. e3 Na6 13. Rc1 Rac8 14. Bxd6 Qxd6 15. Na3 Nd7 16. Nd3 Nb4 17. Qd2 Nxd3 18. Qxd3 Ba6 19. Qc3 Nf6 20. c5 Qb8 21. Rab1 Ne4 22. Qe1 Bd3 23. Rb2 bxc5 24. f3 Nf6 25. Rxc5 Qb4 26. Qxb4 axb4 27. Nc2 Nd7 28. Nxb4 Nxc5 29. dxc5 Be4 30. fxe4 fxe4 31. Bh3 Rf6 32. Na6 Ra8 33. Nc7 Ra7 34. Nxe6 Kf7 35. Nd4 Re7 36. Rf2 Rc7 37. Rxf6+ Kxf6 38. Bf1 Ke7 39. Kf2 Kd7 40. Bh3+ Kd8 41. Ne6+ 1-0

[Event "FRA-chT2 1011"]
[Site "France"]
[Date "2010.11.13"]
[Round "2.2"]
[White "Jessel, Stephen"]
[Black "Magnier, Hugues"]
[Result "0-1"]
[WhiteElo "2293"]
[BlackElo "2300"]
[PlyCount "66"]
[EventDate "2010.10.17"]
[EventType "team-tourn"]
[EventRounds "11"]
[EventCountry "FRA"]
[SourceTitle "EXT 2012"]
[Source "ChessBase"]
[SourceDate "2011.11.24"]
[SourceVersion "1"]
[SourceVersionDate "2011.11.24"]
[SourceQuality "1"]

1. Nf3 d5 2. c4 e6 3. g3 Nf6 4. Bg2 Be7 5. 0-0 0-0 6. b3 c5 7. e3 Nc6 8. Bb2 b6 9. Nc3 Ba6 10. d3 Rc8 11. Qe2 Qd7 12. Rfd1 Rfd8 13. Rac1 Ne8 14. Qe1 Nc7 15. cxd5 exd5 16. d4 Qf5 17. dxc5 Bxc5 18. Ne2 Nb4 19. Ned4 Qh5 20. a3 Nd3 21. Rxd3 Bxd3 22. Qc3 Be4 23. Nc6 Ne6 24. Nxd8 Rxd8 25. Ne1 d4 26. exd4 Bxd4 27. Qd2 Be5 28. Qe3 Bxb2 29. Bxe4 Bxc1 30. Qxc1 Qd1 31. Qe3 Qa1 32. Kg2 Qxa3 33. Nf3 Qc5 0-1

[Event "FRA-chT2 1011"]
[Site "France"]
[Date "2010.10.17"]
[Round "1.3"]
[White "Magnier, Hugues"]
[Black "Bekkat, Azzedine"]
[Result "1/2-1/2"]
[WhiteElo "2300"]
[BlackElo "2196"]
[PlyCount "61"]
[EventDate "2010.10.17"]
[EventType "team-tourn"]
[EventRounds "11"]
[EventCountry "FRA"]
[SourceTitle "EXT 2012"]
[Source "ChessBase"]
[SourceDate "2011.11.24"]
[SourceVersion "1"]
[SourceVersionDate "2011.11.24"]
[SourceQuality "1"]

1. d4 Nf6 2. Nf3 e6 3. c4 c5 4. g3 cxd4 5. Nxd4 Bb4+ 6. Bd2 Qb6 7. Bg2 Bc5 8. e3 Bxd4 9. exd4 Qxd4 10. 0-0 0-0 11. Qb3 d5 12. cxd5 Nxd5 13. Rd1 Nc6 14. Nc3 Nxc3 15. Bxc3 Qg4 16. f4 a5 17. Qb6 Qe2 18. Rd2 Qa6 19. Qc7 e5 20. fxe5 Be6 21. Rad1 Rac8 22. Qd6 Bxa2 23. Bh3 Rcd8 24. Qc5 Rxd2 25. Rxd2 Qc4 26. Qxc4 Bxc4 27. Rd7 b5 28. Rc7 Bd5 29. b3 b4 30. Bb2 Nd8 31. Rc5 1/2-1/2

[Event "FRA-chT 9900"]
[Site "France"]
[Date "2000.04.29"]
[Round "8.3"]
[White "Magnier, Hugues"]
[Black "Lepelletier, Benoit"]
[Result "1/2-1/2"]
[WhiteElo "2255"]
[BlackElo "2465"]
[PlyCount "124"]
[EventDate "1999.02.04"]
[EventType "team"]
[EventRounds "11"]
[EventCountry "FRA"]
[SourceTitle "EXT 2001"]
[Source "ChessBase"]
[SourceDate "2000.11.22"]
[SourceVersion "1"]
[SourceVersionDate "2000.11.22"]
[SourceQuality "1"]

1. d4 e6 2. c4 Bb4+ 3. Bd2 Bxd2+ 4. Qxd2 f5 5. Nc3 Nf6 6. g3 d6 7. Bg2 0-0 8. Nf3 Nc6 9. 0-0 Qe7 10. d5 Ne5 11. Nxe5 dxe5 12. Rad1 Rd8 13. Qc2 e4 14. b3 Bd7 15. f3 exf3 16. exf3 e5 17. Rfe1 Re8 18. Re2 Qc5+ 19. Kh1 Re7 20. Rde1 Rae8 21. Nd1 e4 22. Nf2 Qd4 23. fxe4 Nxe4 24. Nxe4 fxe4 25. Rd1 Qf6 26. Rf1 Qg6 27. Rf4 Bf5 28. Re3 Qf6 29. h3 Qh6 30. Kh2 Re5 31. Qf2 Qb6 32. g4 Bg6 33. Qg3 h6 34. h4 Qd4 35. g5 hxg5 36. hxg5 Rf8 37. Rxf8+ Kxf8 38. Qf4+ Rf5 39. Qxe4 Qxe4 40. Bxe4 Rxg5 41. Bxg6 Rxg6 42. Re2 a5 43. Re4 Rg5 44. Re6 Kf7 45. Re2 Rg4 46. Re3 a4 47. Kh3 Rf4 48. Kg3 Rd4 49. Rc3 Kf6 50. bxa4 Ke5 51. Kf3 Kd6 52. a5 Kc5 53. Rb3 Rxc4 54. Rxb7 Kxd5 55. a6 Kc6 56. Rb8 Ra4 57. Rg8 Rxa6 58. Rxg7 Rxa2 59. Ke3 Rc2 60. Kd4 Kb5 61. Rg8 c5+ 62. Kd3 Rh2 1/2-1/2

[Event "FRA-chT 9900"]
[Site "France"]
[Date "2000.04.01"]
[Round "6.3"]
[White "Solozhenkin, Evgeniy"]
[Black "Magnier, Hugues"]
[Result "1-0"]
[WhiteElo "2528"]
[BlackElo "2255"]
[PlyCount "91"]
[EventDate "1999.02.04"]
[EventType "team"]
[EventRounds "11"]
[EventCountry "FRA"]
[SourceTitle "EXT 2001"]
[Source "ChessBase"]
[SourceDate "2000.11.22"]
[SourceVersion "1"]
[SourceVersionDate "2000.11.22"]
[SourceQuality "1"]

1. e4 c5 2. Nf3 d6 3. d4 cxd4 4. Nxd4 Nf6 5. Nc3 a6 6. f3 e5 7. Nb3 Be6 8. Be3 Nbd7 9. g4 b5 10. g5 b4 11. Ne2 Nh5 12. Qd2 Be7 13. 0-0-0 a5 14. Kb1 a4 15. Nbc1 0-0 16. Ng3 Nf4 17. h4 f6 18. Nf5 fxg5 19. Nxe7+ Qxe7 20. Qxd6 Qf7 21. hxg5 b3 22. cxb3 axb3 23. a3 Rfb8 24. Bxf4 exf4 25. Bh3 Nf8 26. Bxe6 Nxe6 27. Qe5 Rb6 28. Rd3 Rab8 29. Rhd1 Nf8 30. Qd5 Ne6 31. Qe5 Nf8 32. Ne2 Re8 33. Qxf4 Qc4 34. Qd2 Ne6 35. Nd4 Nxd4 36. Rxd4 Qf7 37. Rd8 Rbe6 38. Rxe8+ Rxe8 39. Qa5 Rb8 40. Qd8+ Qf8 41. Qxf8+ Kxf8 42. Rd7 Rb5 43. f4 h5 44. gxh6 gxh6 45. Rd3 h5 46. Kc1 1-0

[Event "FRA-chT 9900"]
[Site "France"]
[Date "2000.03.30"]
[Round "4.3"]
[White "David, Alberto"]
[Black "Magnier, Hugues"]
[Result "1-0"]
[WhiteElo "2520"]
[BlackElo "2255"]
[PlyCount "111"]
[EventDate "1999.02.04"]
[EventType "team"]
[EventRounds "11"]
[EventCountry "FRA"]
[SourceTitle "EXT 2001"]
[Source "ChessBase"]
[SourceDate "2000.11.22"]
[SourceVersion "1"]
[SourceVersionDate "2000.11.22"]
[SourceQuality "1"]

1. e4 c5 2. Nf3 d6 3. d4 cxd4 4. Nxd4 Nf6 5. Nc3 a6 6. Be3 e5 7. Nb3 Be6 8. f3 Nbd7 9. g4 b5 10. g5 b4 11. Ne2 Nh5 12. Qd2 Be7 13. Ng3 Nxg3 14. hxg3 a5 15. f4 Qc7 16. f5 Bc4 17. Bxc4 Qxc4 18. Qd3 Rc8 19. 0-0-0 0-0 20. Qxc4 Rxc4 21. Nxa5 Rxe4 22. Nc6 Re8 23. Nxe7+ Rxe7 24. Rhe1 f6 25. Bf2 Rc4 26. Rxd6 fxg5 27. b3 Rg4 28. Rd4 Rxd4 29. Bxd4 Kf7 30. Be3 Kf6 31. g4 h5 32. gxh5 Kxf5 33. Rf1+ Kg4 34. Rg1+ Kxh5 35. Bxg5 Nf6 36. Bd2 Ng4 37. Bxb4 Re6 38. Rh1+ Kg6 39. Bd2 e4 40. Rh4 Nf6 41. Be3 Kf5 42. Rh1 g5 43. Rf1+ Kg6 44. Rg1 Re5 45. a4 Rf5 46. Bd4 Nd5 47. Re1 Rf4 48. a5 Nb4 49. Bc3 Nd5 50. Be5 Rh4 51. a6 Kf5 52. a7 Nb6 53. Bd4 Na8 54. Be3 Rh3 55. b4 g4 56. b5 1-0

[Event "Val Thorens A"]
[Site "Val Thorens"]
[Date "1996.??.??"]
[Round "6"]
[White "Houhou, Olivier"]
[Black "Magnier, Hugues"]
[Result "0-1"]
[WhiteElo "2120"]
[BlackElo "2200"]
[PlyCount "24"]
[EventDate "1996.??.??"]
[EventType "swiss"]
[EventRounds "9"]
[EventCountry "FRA"]
[SourceTitle "EXT 2004"]
[Source "ChessBase"]
[SourceDate "2003.11.25"]
[SourceVersion "1"]
[SourceVersionDate "2003.11.25"]
[SourceQuality "1"]

1. e4 c5 2. c3 Nf6 3. e5 Nd5 4. d4 cxd4 5. Nf3 e6 6. cxd4 b6 7. Nc3 Nxc3 8. bxc3 Ba6 9. Bxa6 Nxa6 10. 0-0 Nc7 11. Ng5 Be7 12. Qh5 Bxg5 0-1

[Event "Val Thorens A"]
[Site "Val Thorens"]
[Date "1996.??.??"]
[Round "8"]
[White "Magnier, Hugues"]
[Black "Carlhammar, Magnus"]
[Result "0-1"]
[WhiteElo "2200"]
[BlackElo "2310"]
[PlyCount "112"]
[EventDate "1996.??.??"]
[EventType "swiss"]
[EventRounds "9"]
[EventCountry "FRA"]
[SourceTitle "EXT 2004"]
[Source "ChessBase"]
[SourceDate "2003.11.25"]
[SourceVersion "1"]
[SourceVersionDate "2003.11.25"]
[SourceQuality "1"]

1. Nf3 d5 2. d4 c5 3. g3 Nc6 4. Bg2 Nf6 5. 0-0 Bg4 6. Ne5 cxd4 7. Nxg4 Nxg4 8. e3 Nf6 9. exd4 e6 10. Be3 Be7 11. b3 0-0 12. c4 Rc8 13. Nd2 e5 14. dxe5 Nxe5 15. Nf3 Nc6 16. Rc1 Qa5 17. Qe2 Rfe8 18. Qd2 Bb4 19. Qc2 Ba3 20. Rcd1 dxc4 21. Qxc4 Ne5 22. Qh4 Neg4 23. Bd4 h6 24. Nd2 Bc5 25. Bxf6 Nxf6 26. Ne4 Nxe4 27. Bxe4 Qb4 28. Bd5 Qxh4 29. gxh4 Rc7 30. Rd3 Re5 31. Bf3 h5 32. Rd5 Rxd5 33. Bxd5 Be7 34. Re1 Bxh4 35. Re2 g6 36. Kg2 Kg7 37. a4 Bf6 38. Bc4 Rc5 39. f4 Rf5 40. Re4 Rc5 41. Re8 Rf5 42. Kg3 Bc3 43. Re4 a5 44. Re7 b6 45. Re4 Bb4 46. Rd4 Bc5 47. Rd5 Rf6 48. Kf3 Bd6 49. f5 Bxh2 50. Kg2 Bd6 51. Bd3 g5 52. Kf3 Kh6 53. Rd4 g4+ 54. Kg2 Kg5 55. Re4 Bc5 56. Re1 h4 0-1

[Event "Val Thorens A"]
[Site "Val Thorens"]
[Date "1996.??.??"]
[Round "7"]
[White "Magnier, Hugues"]
[Black "Claverie, Christophe"]
[Result "1/2-1/2"]
[WhiteElo "2200"]
[BlackElo "2250"]
[PlyCount "25"]
[EventDate "1996.??.??"]
[EventType "swiss"]
[EventRounds "9"]
[EventCountry "FRA"]
[SourceTitle "EXT 2004"]
[Source "ChessBase"]
[SourceDate "2003.11.25"]
[SourceVersion "1"]
[SourceVersionDate "2003.11.25"]
[SourceQuality "1"]

1. d4 Nf6 2. Nf3 g6 3. c4 Bg7 4. Nc3 0-0 5. g3 d6 6. Bg2 c6 7. 0-0 Qa5 8. h3 Be6 9. Qd3 Qa6 10. b3 d5 11. Ne5 dxc4 12. Nxc4 Rd8 13. Rd1 1/2-1/2

[Event "Val Thorens A"]
[Site "Val Thorens"]
[Date "1996.??.??"]
[Round "6"]
[White "Magnier, Hugues"]
[Black "Gaudineau, Gilles"]
[Result "1-0"]
[WhiteElo "2195"]
[BlackElo "2040"]
[PlyCount "51"]
[EventDate "1996.??.??"]
[EventType "swiss"]
[EventRounds "9"]
[EventCountry "FRA"]
[SourceTitle "EXT 2004"]
[Source "ChessBase"]
[SourceDate "2003.11.25"]
[SourceVersion "1"]
[SourceVersionDate "2003.11.25"]
[SourceQuality "1"]

1. d4 Nf6 2. Nf3 g6 3. c4 Bg7 4. Nc3 0-0 5. g3 d6 6. Bg2 Nbd7 7. 0-0 c6 8. e4 e5 9. h3 Qc7 10. Be3 Kh8 11. Rc1 Ng8 12. b4 f5 13. Ng5 Ndf6 14. dxe5 dxe5 15. Bc5 h6 16. Bd6 Qd7 17. Bxf8 Bxf8 18. Nf3 Qc7 19. c5 a5 20. a3 axb4 21. axb4 fxe4 22. Nd2 Nd5 23. Qb3 Be6 24. Qb2 e3 25. Nd1 exf2+ 26. Rxf2 1-0